Vienen de Panamá
Gespeichert in:
| 1. Verfasser: | |
|---|---|
| Format: | Buch |
| Sprache: | Undetermined |
| Veröffentlicht: |
Panamá, Panamá
Mariano Arosemena
1991
|
| Schlagworte: | |
| Tags: |
Tag hinzufügen
Keine Tags, Fügen Sie den ersten Tag hinzu!
|
MARC
| LEADER | 00000nam a2200000Ia 4500 | ||
|---|---|---|---|
| 008 | 170316s9999 xx 000 0 und d | ||
| 040 | |a cru BVZT | ||
| 090 | |a 860 R-29v | ||
| 100 | |a Ruiloba, Rafael | ||
| 245 | |a Vienen de Panamá | ||
| 260 | |a Panamá, Panamá | ||
| 260 | |b Mariano Arosemena | ||
| 260 | |c 1991 | ||
| 300 | |a 114 páginas | ||
| 650 | |a LITERATURA LATINOAMERICANA | ||
| 999 | |c 9157 |d 9157 | ||
| 942 | |c 15 D |h 860 R-29v |2 z | ||
